The Massachusetts General Hospital guide to primary care psychiatry / (Record no. 3583)
[ view plain ]
| 000 -LEADER | |
|---|---|
| fixed length control field | 01274cam a22003018a 4500 |
| 001 - CONTROL NUMBER | |
| control field | 13159230 |
| 005 - DATE AND TIME OF LATEST TRANSACTION | |
| control field | 20250207175914.0 |
| 008 - FIXED-LENGTH DATA ELEMENTS--GENERAL INFORMATION | |
| fixed length control field | 030411s2004 nyu bf 001 0 eng |
| 020 ## - INTERNATIONAL STANDARD BOOK NUMBER | |
| International Standard Book Number | 9780071410014 |
| 050 00 - LIBRARY OF CONGRESS CALL NUMBER | |
| Classification number | RC456 |
| Item number | .M368 2004 |
| 082 00 - DEWEY DECIMAL CLASSIFICATION NUMBER | |
| Classification number | 616.89 |
| Edition information | 21 |
| 245 04 - TITLE STATEMENT | |
| Title | The Massachusetts General Hospital guide to primary care psychiatry / |
| Statement of responsibility, etc. | edited by Theodore A. Stern, John B. Herman, Peter L. Slavin. |
| 250 ## - EDITION STATEMENT | |
| Edition statement | 2nd ed. |
| 260 ## - PUBLICATION, DISTRIBUTION, ETC. | |
| Place of publication, distribution, etc. | New York : |
| Name of publisher, distributor, etc. | McGraw-Hill Health Professions Division, |
| Date of publication, distribution, etc. | c2004. |
| 300 ## - PHYSICAL DESCRIPTION | |
| Extent | 789p. ; |
| Dimensions | 23cm. |
| 500 ## - GENERAL NOTE | |
| General note | Rev. ed. of: MGH guide to psychiatry in primary care / editors, Theodore A. Stern, John B. Herman, Peter L. Slavin. c1998. |
| 650 #0 - SUBJECT ADDED ENTRY--TOPICAL TERM | |
| Topical term or geographic name entry element | Psychiatry |
| Form subdivision | Handbooks, manuals, etc. |
| 650 12 - SUBJECT ADDED ENTRY--TOPICAL TERM | |
| Topical term or geographic name entry element | Mental Disorders |
| General subdivision | diagnosis. |
| 650 22 - SUBJECT ADDED ENTRY--TOPICAL TERM | |
| Topical term or geographic name entry element | Mental Disorders |
| General subdivision | therapy. |
| 650 22 - SUBJECT ADDED ENTRY--TOPICAL TERM | |
| Topical term or geographic name entry element | Primary Health Care. |
| 700 1# - ADDED ENTRY--PERSONAL NAME | |
| Personal name | Stern, Theodore A. |
| 700 1# - ADDED ENTRY--PERSONAL NAME | |
| Personal name | Herman, John B. |
| 700 1# - ADDED ENTRY--PERSONAL NAME | |
| Personal name | Slavin, Peter L. |
| 856 42 - ELECTRONIC LOCATION AND ACCESS | |
| Materials specified | Contributor biographical information |
| Uniform Resource Identifier | <a href="http://www.loc.gov/catdir/bios/mh041/2003051018.html">http://www.loc.gov/catdir/bios/mh041/2003051018.html</a> |
| 856 42 - ELECTRONIC LOCATION AND ACCESS | |
| Materials specified | Publisher description |
| Uniform Resource Identifier | <a href="http://www.loc.gov/catdir/description/mh031/2003051018.html">http://www.loc.gov/catdir/description/mh031/2003051018.html</a> |
| 856 41 - ELECTRONIC LOCATION AND ACCESS | |
| Materials specified | Table of contents |
| Uniform Resource Identifier | <a href="http://www.loc.gov/catdir/toc/mh031/2003051018.html">http://www.loc.gov/catdir/toc/mh031/2003051018.html</a> |
| 942 ## - ADDED ENTRY ELEMENTS (KOHA) | |
| Source of classification or shelving scheme | Library of Congress Classification |
| Koha item type | Books |
| Edition | 2nd ed. |
| Suppress in OPAC | No |
| 999 ## - | |
| -- | 3583 |
| -- | 3583 |
| Withdrawn status | Lost status | Source of classification or shelving scheme | Damaged status | Not for loan | Collection | Home library | Current library | Shelving location | Date acquired | Total checkouts | Full call number | Barcode | Date last seen | Copy number | Price effective from | Koha item type |
|---|---|---|---|---|---|---|---|---|---|---|---|---|---|---|---|---|
| Library of Congress Classification | Non-fiction | Science Library (Miotso) | Science Library (Miotso) | General stacks | 02/07/2025 | RC456 .M368 MAS | SLM00003025 | 02/07/2025 | 1 | 02/07/2025 | Books |